00613nam a2200205Ia 4500008004100000020001200041050001600053100002000069245001200089245001600101245007800117260001300195260001900208260000900227300001600236300002000252300001000272999001900282952010600301170918s9999 xx 000 0 und d a7201974 bA432zo 2005 aAllende, Isabel aZorro : bthe novel / cby Isabel Allende ; translated from the Spanish by Margaret Sayers Peden. aLondon : bFourth Estate, c2005 a390 pages : billustrations ; c23cm. c343611d343611 001040aSSISMbSSISMd2017-09-18l0oFIC A432zo 2005pSSISM2683r2017-09-18 00:00:00w2017-09-18yBK